| 000 | 01295nam a22002297a 4500 | ||
|---|---|---|---|
| 999 |
_c57188 _d57188 |
||
| 003 | Ge_BSU | ||
| 005 | 20191224151441.0 | ||
| 008 | 191224s2019 ge ||||| |||| 00| 0 geo d | ||
| 020 |
_a9789941044397 _c2587-490x |
||
| 041 | _ageo | ||
| 080 | _a94(5)(063)+32+930 ა-94 | ||
| 245 |
_aაღმოსავლეთმცოდნეობის მაცნე : _bII / _cრედ . ემზარ მაკარაძე ; ტომის რედ. ლილე თანდილავა. |
||
| 264 |
_aთბილისი, _c2019. |
||
| 300 |
_a173 გვ.: _c20 სმ. |
||
| 653 | _aისტორია | ||
| 653 | _aპოლიტიკა | ||
| 653 | _aწყაროთმცოდნეობა | ||
| 700 |
_aმაკარაძე, ემზარ _eრედაქტორი _94143 |
||
| 700 |
_aთანდილავა, ლილე _eტომის რედქტორი _95951 |
||
| 710 |
_eბათუმის შოთა რუსთაველის სახელმწიფო უნივერსიტეტი ჰუმანიტარულ მეცნიერებათა ფაკულტეტი აღმოსავლეთმცოდნეობის დეპარტამენტი _95952 |
||
| 942 |
_2udc _cBK |
||